[Event "8th Sunway Sitges 2021"]
[Site "Sitges ESP"]
[Date "2021.12.17"]
[Round "5.47"]
[White "Daulyte-Cornette, Deimante"]
[Black "Tanmay, Chopra"]
[Result "1/2-1/2"]
[WhiteTitle "IM"]
[WhiteElo "2398"]
[BlackElo "2221"]
[WhiteFideId "12802859"]
[BlackFideId "25630946"]
[EventDate "2021.12.13"]

1. e4 c5 2. Nf3 d6 3. Bb5+ Nd7 4. d4 cxd4 5. Nxd4 Nf6 6. O-O e6 7. Re1 Be7 8.
Bf1 O-O 9. c4 a6 10. Nc3 Ne5 11. b3 Bd7 12. Bb2 Qb8 13. Qd2 Rd8 14. Rad1 Be8 15.
Qe2 Nc6 16. Nc2 b6 17. g3 Ra7 18. f4 Rc8 19. Kh1 Na5 20. Nd4 Rac7 21. f5 e5 22.
Nc2 b5 23. Nb4 Ra7 24. cxb5 axb5 25. Ncd5 Nc6 26. Nxe7+ Nxe7 27. Bc1 Nc6 28. Nd5
Nxd5 29. exd5 Ne7 30. f6 gxf6 31. Bh3 f5 32. Bg5 f6 33. Bxf6 Bg6 34. Bg2 Kf7 35.
Bxe5 dxe5 36. d6 e4 37. dxe7 Rxe7 38. Rd5 Re5 39. Rd7+ Kg8 40. Qd2 Qb6 41. Qh6
Qf6 42. Rxh7 f4 43. Bh3 Rce8 44. Bd7 fxg3 45. Rh8+ Kf7 46. Bxe8+ Rxe8 47. Rh7+
Kg8 48. Rh8+ Kf7 49. Rh7+ Kg8 50. Rh8+ 1/2-1/2

[Event "8th Sunway Sitges 2021"]
[Site "Sitges ESP"]
[Date "2021.12.17"]
[Round "5.48"]
[White "Tarigan, Gilbert Elroy"]
[Black "Sorensen, Hampus"]
[Result "1-0"]
[WhiteTitle "IM"]
[BlackTitle "IM"]
[WhiteElo "2149"]
[BlackElo "2379"]
[WhiteFideId "7108133"]
[BlackFideId "8703884"]
[EventDate "2021.12.13"]

1. d4 Nf6 2. Nf3 c5 3. c3 d5 4. Bf4 Nc6 5. dxc5 g6 6. Nbd2 Bg7 7. e3 O-O 8. Be2
Nh5 9. Bg5 h6 10. Bh4 g5 11. Nd4 gxh4 12. Bxh5 e5 13. N4b3 Qg5 14. O-O Bh3 15.
Qf3 Be6 16. Qe2 e4 17. f4 exf3 18. Bxf3 Rae8 19. Rae1 Bc8 20. Kh1 Re5 21. Qf2
Qe7 22. Bd1 h3 23. Nf3 Re6 24. gxh3 Kh8 25. Bc2 Ne5 26. Nxe5 Rxe5 27. Qf3 Qh4
28. Nd4 Bxh3 29. Nf5 Bxf5 30. Bxf5 Bf6 31. Qg4 Qxg4 32. Bxg4 Bg5 33. Rf5 Rxf5
34. Bxf5 Re8 35. Rd1 Rxe3 36. Bc8 Re7 37. Bg4 Rc7 38. Rxd5 Bc1 39. b4 Bb2 40.
Bd7 Bxc3 41. b5 Bb4 42. c6 Ba5 43. Re5 Kg7 44. Re8 Bb6 45. Rb8 bxc6 46. bxc6 Kf6
47. Re8 Bc5 48. Kg2 a5 49. Ra8 Bb4 50. Kf3 Ke5 51. Ke3 Kd6 52. Kd3 Bc5 53. Rh8
Ra7 54. a4 Ke7 55. Kc4 Bd6 56. h3 Bf4 57. Kb5 Bd2 58. Re8+ Kd6 59. Bg4 Bc3 60.
Rd8+ Ke7 61. Rd3 Be5 62. Kb6 Rc7 63. Bd7 Bd6 64. Re3+ Kf6 65. Re8 Bf4 66. Rc8
Rxc8 67. Bxc8 Kg5 68. Kxa5 1-0

[Event "8th Sunway Sitges 2021"]
[Site "Sitges ESP"]
[Date "2021.12.17"]
[Round "5.49"]
[White "Prraneeth, Vuppala"]
[Black "Minko, Dmitry"]
[Result "1-0"]
[WhiteTitle "CM"]
[BlackTitle "CM"]
[WhiteElo "2377"]
[BlackElo "2207"]
[WhiteFideId "46622373"]
[BlackFideId "24188468"]
[EventDate "2021.12.13"]

1. d4 Nf6 2. c4 e6 3. Nf3 d5 4. Nc3 Be7 5. Bf4 O-O 6. e3 Nbd7 7. c5 Ne4 8. h3
Nxc3 9. bxc3 c6 10. Qa4 Bf6 11. Be2 Nxc5 12. Qc2 Nd7 13. e4 dxe4 14. Qxe4 Qa5
15. Bd3 g6 16. Bd2 e5 17. O-O exd4 18. cxd4 Qd8 19. Rfe1 Nb6 20. Qf4 c5 21. Qg3
cxd4 22. Bg5 Bxg5 23. Nxg5 h6 24. Nxf7 Rxf7 25. Qxg6+ Kf8 26. Qxh6+ Kg8 27. Re5
Qf8 28. Rg5+ Rg7 29. Re1 Bd7 30. Bh7+ Kh8 31. Bc2+ 1-0

[Event "8th Sunway Sitges 2021"]
[Site "Sitges ESP"]
[Date "2021.12.17"]
[Round "5.50"]
[White "Sidhant, Mohapatra"]
[Black "Priyanka, Nutakki"]
[Result "1/2-1/2"]
[WhiteTitle "IM"]
[BlackTitle "WIM"]
[WhiteElo "2360"]
[BlackElo "2187"]
[WhiteFideId "5028698"]
[BlackFideId "25049615"]
[EventDate "2021.12.13"]

1. d4 d5 2. Nf3 Nf6 3. Bf4 e6 4. e3 Bd6 5. Bg3 O-O 6. Bd3 c5 7. O-O Qc7 8. c3
Nbd7 9. Nbd2 e5 10. e4 exd4 11. cxd4 Bxg3 12. hxg3 dxe4 13. Nxe4 Nxe4 14. Bxe4
Nf6 15. Qc2 Nxe4 16. Qxe4 cxd4 17. Ng5 g6 18. Qxd4 Bf5 19. Rac1 Qb6 20. Qh4 h5
21. b3 Rac8 22. Qf4 Rfd8 23. Rfd1 Kg7 24. Rxc8 Rxc8 25. Rd6 Qc5 26. Kh2 Re8 27.
b4 Qc3 28. a4 Re1 29. Rd7 Bxd7 30. Qxf7+ Kh6 31. Qf8+ Qg7 32. Nf7+ Kh7 33. Ng5+
Kh6 1/2-1/2

[Event "8th Sunway Sitges 2021"]
[Site "Sitges ESP"]
[Date "2021.12.17"]
[Round "5.51"]
[White "Meister, Peter"]
[Black "Jaferian, Koosha"]
[Result "1/2-1/2"]
[WhiteTitle "IM"]
[WhiteElo "2359"]
[BlackElo "2179"]
[WhiteFideId "4600207"]
[BlackFideId "12507440"]
[EventDate "2021.12.13"]

1. d4 Nf6 2. c4 e6 3. g3 d5 4. Nf3 Bb4+ 5. Bd2 Be7 6. Bg2 O-O 7. Qc2 c6 8. O-O
Nbd7 9. a4 a5 10. Rc1 b6 11. cxd5 cxd5 12. Nc3 Ba6 13. Nb5 Ne4 14. Bf4 Bxb5 15.
axb5 Nd6 16. Qd3 Rc8 17. h4 Re8 18. b3 Nf8 19. Ne5 Ng6 20. Rxc8 Qxc8 21. Be3 Qb7
22. Nc6 Bf8 23. b4 Ra8 24. bxa5 bxa5 25. Rxa5 Rxa5 26. Nxa5 Qxb5 27. Qxb5 Nxb5
28. Nb3 Bb4 29. Bc1 Ne7 30. e3 Nc6 1/2-1/2

[Event "8th Sunway Sitges 2021"]
[Site "Sitges ESP"]
[Date "2021.12.17"]
[Round "5.52"]
[White "Salimova, Nurgyul"]
[Black "Ayza Ballester, Jordi"]
[Result "1-0"]
[WhiteTitle "IM"]
[BlackTitle "FM"]
[WhiteElo "2353"]
[BlackElo "2113"]
[WhiteFideId "2915138"]
[BlackFideId "2200554"]
[EventDate "2021.12.13"]

1. d4 d5 2. Nc3 Nf6 3. Bf4 c6 4. e3 Bf5 5. f3 e6 6. g4 Bg6 7. h4 h6 8. Bd3 Bxd3
9. Qxd3 Bd6 10. Nge2 Bxf4 11. Nxf4 Nbd7 12. O-O-O e5 13. dxe5 Nxe5 14. Qe2 Qb6
15. g5 Nfd7 16. Ncxd5 cxd5 17. Nxd5 Qa5 18. f4 Qxa2 19. Qb5 O-O-O 20. fxe5 a6
21. Qb4 Nxe5 22. Qc3+ Nc6 23. b3 Qa3+ 24. Kb1 hxg5 25. Qxg7 gxh4 26. Qxf7 Kb8
27. Qf4+ Ka7 28. Rxh4 Rhf8 29. Qc4 Rg8 30. Rh7 Rc8 31. Rf1 Rgf8 32. Rg1 Na5 33.
Qd4+ Kb8 34. Nb4 Nxb3 35. cxb3 Qxb3+ 36. Qb2 Qc4 37. Rxb7+ Kxb7 38. Rg7+ Ka8 39.
Qg2+ Rc6 40. Qxc6+ 1-0

[Event "8th Sunway Sitges 2021"]
[Site "Sitges ESP"]
[Date "2021.12.17"]
[Round "5.53"]
[White "Dukic, Zachary"]
[Black "Pogorelov, Ruslan"]
[Result "1-0"]
[BlackTitle "GM"]
[WhiteElo "2140"]
[BlackElo "2345"]
[WhiteFideId "2617188"]
[BlackFideId "14100363"]
[EventDate "2021.12.13"]

1. d4 Nf6 2. c4 e6 3. Nc3 Bb4 4. f3 O-O 5. e4 d5 6. e5 Nfd7 7. cxd5 exd5 8. f4
c5 9. a3 cxd4 10. axb4 dxc3 11. bxc3 Qc7 12. Nf3 Nb6 13. Bd2 f6 14. Bd3 fxe5 15.
fxe5 Bf5 16. Bxf5 Rxf5 17. O-O Nc6 18. Be3 Rd8 19. Qd3 g6 20. Bg5 Re8 21. Bf6 a6
22. Rae1 Qd7 23. g4 Rf4 24. h3 Nc4 25. Kg2 b5 26. Kg3 Rxf3+ 27. Qxf3 Nd2 28. Qf4
Nxf1+ 29. Rxf1 Nd8 30. Rd1 Nf7 31. Qd4 Qc7 32. Re1 Qc6 33. Re3 Qe6 34. Qa7 Rc8
35. Rd3 Qc6 36. Re3 Qe6 37. Qb7 h6 38. Rd3 1-0

[Event "8th Sunway Sitges 2021"]
[Site "Sitges ESP"]
[Date "2021.12.17"]
[Round "5.54"]
[White "Padmini, Rout"]
[Black "Perkampus, Laurin"]
[Result "1-0"]
[WhiteTitle "IM"]
[WhiteElo "2345"]
[BlackElo "2081"]
[WhiteFideId "5029295"]
[BlackFideId "16232283"]
[EventDate "2021.12.13"]

1. Nf3 Nf6 2. g3 g6 3. Bg2 Bg7 4. d4 O-O 5. O-O d5 6. c4 dxc4 7. Na3 Nc6 8. Nxc4
Be6 9. b3 Bd5 10. Bb2 a5 11. a4 Nb4 12. e3 c6 13. Qe2 Be4 14. Ne1 Bxg2 15. Nxg2
Qc7 16. Rac1 Nd7 17. f4 Rfd8 18. Rfd1 e6 19. Nh4 Na2 20. Ra1 Nb4 21. e4 c5 22.
d5 exd5 23. Bxg7 Kxg7 24. exd5 Re8 25. Qb2+ Kg8 26. Nf3 Nb6 27. d6 Nxc4 28. bxc4
Qd7 29. Qf2 Qf5 30. Rd2 Nd3 31. Qf1 Nb4 32. Rad1 Rad8 33. Qf2 Re4 34. Nh4 Qh5
35. Qg2 Rxc4 36. Qxb7 Qg4 37. Nf3 Qc8 38. Qe7 Rd7 39. Qxd7 Qxd7 40. Ne5 Qe6 41.
d7 Nc6 42. Nxc6 Qe3+ 43. Kg2 Rd4 44. Nxd4 Qe4+ 45. Nf3 1-0

[Event "8th Sunway Sitges 2021"]
[Site "Sitges ESP"]
[Date "2021.12.17"]
[Round "5.55"]
[White "Fataliyeva, Ulviyya"]
[Black "Devnani, Kush"]
[Result "1/2-1/2"]
[WhiteTitle "WGM"]
[WhiteElo "2324"]
[BlackElo "1934"]
[WhiteFideId "13403052"]
[BlackFideId "45093806"]
[EventDate "2021.12.13"]

1. d4 d5 2. c4 c6 3. Nc3 Nf6 4. e3 e6 5. Nf3 Nbd7 6. Be2 Bd6 7. O-O O-O 8. b3 b6
9. Bb2 Bb7 10. Bd3 Re8 11. Rc1 Rc8 12. Rc2 Qe7 13. Re1 c5 14. cxd5 exd5 15. Bf5
Rcd8 16. dxc5 bxc5 17. Nb5 Bb8 18. Ba3 a6 19. Nbd4 Bd6 20. Bxd7 Nxd7 21. Nf5 Qf6
22. Nxd6 Qxd6 23. Rc4 Qe6 24. Rh4 d4 25. e4 h6 26. Qd2 a5 27. Bb2 Ra8 28. Qc1
Rac8 29. Nd2 Ne5 30. Rh3 Ba6 31. Qb1 Ng6 32. Rf3 Red8 33. Qc2 Ne5 34. Rg3 Ng6
35. Nc4 a4 36. Bc1 axb3 37. axb3 Bxc4 38. bxc4 Qd6 39. Rd1 Rb8 40. h4 h5 41. Rg5
Nxh4 42. Rxh5 Ng6 43. Rd3 Qb6 44. Qd2 Ra8 45. Ba3 Qb1+ 46. Kh2 Qb8+ 47. g3 Ne5
48. Bxc5 Nxd3 49. Qxd3 Qb2 50. Qf3 d3 51. Be7 Qe2 52. Qf5 g6 53. Rg5 Ra6 54.
Bxd8 d2 55. Bf6 Rxf6 56. Qxf6 d1=Q 57. Rd5 Qxd5 58. exd5 Qxc4 59. d6 Qd5 60. g4
Kh7 61. Qe7 Qf3 62. Qh4+ Kg7 63. Qg3 Qd1 64. Qc3+ Kh7 65. Qg3 Kg7 66. Qe5+ Kh7
67. Kg3 Qg1+ 68. Kf3 Qd1+ 69. Kf4 Qc1+ 70. Qe3 Qd1 71. Qe7 Qc1+ 72. Ke4 Qc2+ 73.
Kd5 Kg7 74. d7 Qd3+ 75. Ke5 Qe2+ 76. Kd6 Qa6+ 77. Kc7 Qa7+ 78. Kc6 Qa6+ 79. Kd5
Qd3+ 80. Ke5 Qe2+ 1/2-1/2

[Event "8th Sunway Sitges 2021"]
[Site "Sitges ESP"]
[Date "2021.12.17"]
[Round "5.56"]
[White "Samant, Aditya S"]
[Black "Latifah, Laysa"]
[Result "0-1"]
[WhiteTitle "FM"]
[WhiteElo "2318"]
[BlackElo "1897"]
[WhiteFideId "35080580"]
[BlackFideId "7111541"]
[EventDate "2021.12.13"]

1. e4 c6 2. d4 d5 3. Nc3 dxe4 4. Nxe4 Nf6 5. Nxf6+ exf6 6. c3 Bd6 7. Bd3 O-O 8.
Qc2 Re8+ 9. Ne2 g6 10. Be3 Be6 11. O-O Qc7 12. h3 Nd7 13. c4 Rad8 14. Nc3 Nb6
15. b3 Bf4 16. Rad1 Bc8 17. Ne4 Kg7 18. Bxf4 Qxf4 19. c5 Nd5 20. Nd6 Re7 21. Bc4
Be6 22. Qd2 Qxd2 23. Rxd2 b5 24. Bd3 f5 25. Re1 Kf6 26. Be2 Nc7 27. Bf3 Bd5 28.
Rxe7 Kxe7 29. Re2+ Kf8 30. Bxd5 Nxd5 31. Kf1 Nc3 32. Re1 a6 33. a3 h5 34. Re5
Nd5 35. Ke2 f6 36. Rxd5 cxd5 37. Kd3 Ke7 38. Kc3 Kd7 39. Kb4 Kc6 40. Ka5 f4 41.
f3 Rf8 42. b4 Rb8 43. a4 Rf8 44. h4 f5 45. Nxb5 axb5 46. axb5+ Kb7 47. b6 Re8
48. Kb5 Re6 49. Ka5 Re2 50. Kb5 Rc2 51. Ka5 Rxg2 52. Kb5 Rc2 53. Ka5 Rc4 54. b5
Rxd4 55. c6+ Kb8 56. b7 Rc4 57. Kb6 d4 0-1

[Event "8th Sunway Sitges 2021"]
[Site "Sitges ESP"]
[Date "2021.12.17"]
[Round "5.57"]
[White "Barath, Kalyan M"]
[Black "Nandhidhaa, P V"]
[Result "1/2-1/2"]
[BlackTitle "WGM"]
[WhiteElo "2103"]
[BlackElo "2313"]
[WhiteFideId "25016555"]
[BlackFideId "5050847"]
[EventDate "2021.12.13"]

1. Nf3 c5 2. c4 Nc6 3. Nc3 e5 4. g3 g6 5. Bg2 Bg7 6. O-O Nge7 7. a3 d6 8. b4 O-O
9. Rb1 Rb8 10. d3 b6 11. Bb2 Bg4 12. e3 Qd7 13. Nd5 cxb4 14. Qa4 bxa3 15. Bxa3
Rfd8 16. Rfc1 Rbc8 17. Ng5 Bf5 18. Ne4 Bxe4 19. Bxe4 Kh8 20. Nc3 f5 21. Bg2 Na5
22. Qxd7 Rxd7 23. Nb5 Rcd8 24. Nxd6 Rxd6 25. Bxd6 Rxd6 26. c5 Re6 27. Rb5 Bf6
28. Rcb1 Nc8 29. e4 Bd8 30. exf5 Re8 31. fxg6 hxg6 32. cxb6 axb6 33. Re1 Bc7 34.
d4 e4 35. Rg5 Nd6 36. Rxg6 b5 37. g4 Nac4 38. Rc1 Bd8 39. h4 Bb6 40. h5 Bxd4 41.
Rd1 Be5 42. Bf1 b4 43. Bxc4 Nxc4 44. Rc6 Na3 45. Rb6 Bc3 46. Rd7 Nc4 47. Rbb7
Na5 48. Rb5 b3 49. Rc7 Be5 50. Rcc5 b2 51. Rxe5 Rxe5 52. Rxb2 Rg5 53. Re2 Rxg4+
54. Kh2 Nc4 55. Kh3 Rf4 56. Kg3 Rf3+ 57. Kg2 Rf5 58. Rxe4 Nd6 59. Re6 Nf7 60.
Kg3 Rxh5 61. f4 Kg7 62. Ra6 Rb5 63. Kf3 Nd8 64. Ke4 Kf7 65. f5 Nb7 66. Ke3 Rxf5
67. Rb6 Nc5 68. Kd4 Ne6+ 69. Ke4 Kf6 70. Ra6 Rf4+ 71. Ke3 Rb4 72. Ra5 Nc7 73.
Rc5 Ne6 74. Ra5 Nf4 75. Kf3 Ng6 76. Ke2 Rb3 77. Kd2 Ne5 78. Kc2 Rh3 79. Rc5 Ke6
80. Rc8 Kd5 81. Rd8+ Ke4 82. Re8 Rh7 83. Kc3 Rc7+ 84. Kd2 Rd7+ 85. Ke2 Rd5 86.
Kf2 Rd2+ 87. Kg3 Re2 88. Re7 Kf5 89. Re8 Re3+ 90. Kg2 Ke4 91. Kf2 Ra3 92. Kg2
Ra7 93. Kf2 Rg7 94. Re6 Rg8 95. Re7 Kf4 96. Ke2 Rg2+ 97. Kd1 Ke4 98. Re8 Kd4 99.
Rd8+ Kc3 100. Rc8+ Nc4 101. Ke1 Ra2 102. Kf1 Kd3 103. Rd8+ Ke4 104. Re8+ Ne5
105. Ke1 Kd4 106. Kf1 Nd3 107. Rd8+ Ke3 108. Re8+ Kf3 109. Rf8+ Nf4 110. Ke1
Re2+ 111. Kd1 Rh2 112. Ke1 Ke3 113. Re8+ Kd3 114. Rd8+ Ke3 115. Re8+ Kf3 116.
Kd1 1/2-1/2

[Event "8th Sunway Sitges 2021"]
[Site "Sitges ESP"]
[Date "2021.12.17"]
[Round "5.58"]
[White "Vignesh, B"]
[Black "Mohamed, Anees M"]
[Result "1/2-1/2"]
[BlackTitle "FM"]
[WhiteElo "1947"]
[BlackElo "2312"]
[WhiteFideId "35051555"]
[BlackFideId "35065815"]
[EventDate "2021.12.13"]

1. e4 c5 2. Nf3 Nc6 3. Bb5 g6 4. c3 Bg7 5. d4 Qb6 6. Bxc6 dxc6 7. dxc5 Qxc5 8.
O-O Nf6 9. Be3 Qa5 10. Nbd2 O-O 11. Re1 Qc7 12. h3 h6 13. Qc2 b6 14. c4 c5 15.
e5 Bf5 16. Qc3 Nd7 17. Bf4 g5 18. g4 Bxg4 19. hxg4 gxf4 20. Kg2 Rfd8 21. Rad1
Nf8 22. Nh4 e6 23. Ndf3 Rxd1 24. Rxd1 Rd8 25. Rxd8 Qxd8 26. Qc1 Nd7 27. Qxf4
Nxe5 28. Nxe5 Bxe5 29. Qxh6 Bxb2 30. Nf3 Bg7 31. Qf4 Qa8 32. Kg3 Qb7 33. Qd6 Qc8
34. a4 Bf8 35. Qf4 Qd7 36. Kg2 Qe8 37. Qe5 Bg7 38. Qc7 e5 39. Ng5 f6 40. Ne4 Qe6
41. f3 Qxc4 42. Qc8+ Kh7 43. Qf5+ Kg8 44. Qc8+ 1/2-1/2

[Event "8th Sunway Sitges 2021"]
[Site "Sitges ESP"]
[Date "2021.12.17"]
[Round "5.59"]
[White "Savchenko, Daniel"]
[Black "Megaranto, Susanto"]
[Result "0-1"]
[BlackTitle "GM"]
[WhiteElo "2181"]
[BlackElo "2548"]
[WhiteFideId "12919195"]
[BlackFideId "7101384"]
[EventDate "2021.12.13"]

1. e4 Nf6 2. Nc3 e5 3. Bc4 Bc5 4. Nf3 Nc6 5. d3 h6 6. Be3 Bb4 7. O-O Bxc3 8.
bxc3 O-O 9. h3 d5 10. Bb5 Re8 11. exd5 Nxd5 12. Qd2 Qf6 13. d4 exd4 14. cxd4 a6
15. Ba4 Bxh3 16. Ne5 Bf5 17. f4 b5 18. Bb3 Rad8 19. Rad1 Qe6 20. g4 Bxg4 21. f5
Bxf5 22. Nxc6 Qxc6 23. Bxh6 gxh6 24. Qg2+ Qg6 25. Bxd5 Rxd5 0-1

[Event "8th Sunway Sitges 2021"]
[Site "Sitges ESP"]
[Date "2021.12.17"]
[Round "5.60"]
[White "De Santis, Alessio"]
[Black "Cori T., Deysi"]
[Result "1/2-1/2"]
[WhiteTitle "FM"]
[BlackTitle "WGM"]
[WhiteElo "2186"]
[BlackElo "2413"]
[WhiteFideId "803405"]
[BlackFideId "3801934"]
[EventDate "2021.12.13"]

1. b3 e5 2. Bb2 d6 3. e3 Nc6 4. c4 g6 5. h4 h5 6. Nf3 Bg7 7. d4 exd4 8. Nxd4 Ne5
9. Nc3 Bg4 10. Be2 Nh6 11. Qd2 Bxe2 12. Qxe2 c5 13. Nf3 Nf5 14. O-O-O Qa5 15.
Nxe5 Bxe5 16. Qc2 O-O-O 17. Kb1 Rhe8 18. Nd5 Re6 19. Bc3 Bxc3 20. Qxc3 Qxc3 21.
Nxc3 a6 22. Rd2 Kc7 23. g3 Kc6 24. a4 Nh6 25. Rhd1 Ng4 26. Nd5 Rb8 27. a5 Rd8
28. Kc2 Nf6 29. f3 Nd7 30. e4 Ne5 31. Rf2 Rde8 32. Nf4 Rf6 33. Rdf1 Rg8 34. Kc3 1/2-1/2

[Event "8th Sunway Sitges 2021"]
[Site "Sitges ESP"]
[Date "2021.12.17"]
[Round "5.61"]
[White "Lorscheid, Gerhard"]
[Black "Guichard, Pauline"]
[Result "0-1"]
[WhiteTitle "FM"]
[BlackTitle "IM"]
[WhiteElo "2169"]
[BlackElo "2394"]
[WhiteFideId "4606000"]
[BlackFideId "639370"]
[EventDate "2021.12.13"]

1. c4 Nf6 2. Nc3 e6 3. Nf3 d5 4. e3 b6 5. b3 Bb7 6. Bb2 Nbd7 7. Be2 a6 8. O-O
Bd6 9. cxd5 exd5 10. Nd4 c5 11. Nf5 Bf8 12. d4 g6 13. Ng3 Bg7 14. Bf3 O-O 15.
dxc5 Nxc5 16. Rc1 Rc8 17. Nge2 Ne6 18. Nd4 Nxd4 19. Qxd4 Ne4 20. Qd3 Nc5 21. Qd1
Qg5 22. Na4 Nxa4 23. Bxg7 Rxc1 24. Qxc1 Kxg7 25. bxa4 Rc8 26. Qb2+ Qf6 27. Qxf6+
Kxf6 28. Rb1 Ke5 29. h3 Rc6 30. a5 b5 31. a4 bxa4 32. Ra1 Rc4 33. Bd1 Bc6 34.
f4+ Kd6 35. Kf2 Rc5 36. Ke1 Rxa5 37. Ra3 h5 38. g3 Bd7 39. g4 h4 40. Kd2 Bb5 41.
Rc3 a3 42. Rc1 Bc4 0-1

[Event "8th Sunway Sitges 2021"]
[Site "Sitges ESP"]
[Date "2021.12.17"]
[Round "5.62"]
[White "Santarius, Erik"]
[Black "Abbasov, Amil1"]
[Result "1-0"]
[WhiteTitle "IM"]
[WhiteElo "2355"]
[BlackElo "2184"]
[WhiteFideId "2025817"]
[BlackFideId "13402277"]
[EventDate "2021.12.13"]

1. d4 Nf6 2. c4 c5 3. d5 e6 4. Nc3 exd5 5. cxd5 d6 6. Nf3 g6 7. Nd2 Nbd7 8. e4
Bg7 9. Be2 O-O 10. O-O Re8 11. f3 Ne5 12. a4 a6 13. Ndb1 Rb8 14. Na3 h6 15. Be3
g5 16. Qd2 Ng6 17. Rab1 Nh5 18. b4 Nhf4 19. Rfc1 Nxe2+ 20. Nxe2 g4 21. bxc5 gxf3
22. gxf3 Nh4 23. Rf1 Bh3 24. Rf2 Bg2 25. Nd4 dxc5 26. Nf5 Nxf3+ 27. Rxf3 Bxf3
28. Nxg7 Kxg7 29. Bxh6+ Kh7 30. Bf4 Bxe4 31. Rb3 Rg8+ 32. Kf1 Bg2+ 33. Kf2 Qxd5
34. Rh3+ Kg6 35. Rd3 Qe4 36. Bxb8 Rxb8 37. Rg3+ Kh7 38. Qg5 Qd4+ 39. Kxg2 Qe4+
40. Kf1 Qh1+ 41. Kf2 Qxh2+ 42. Rg2 Qh6 43. Qf5+ Kh8 44. Qe5+ Kh7 45. Rh2 1-0

[Event "8th Sunway Sitges 2021"]
[Site "Sitges ESP"]
[Date "2021.12.17"]
[Round "5.63"]
[White "Peist, Juergen"]
[Black "Dhananjay, S"]
[Result "0-1"]
[WhiteTitle "FM"]
[WhiteElo "2351"]
[BlackElo "2174"]
[WhiteFideId "4606019"]
[BlackFideId "5092892"]
[EventDate "2021.12.13"]

1. d4 d5 2. c4 c6 3. Nc3 Nf6 4. e3 e6 5. Nf3 Nbd7 6. Qc2 Bd6 7. Bd2 O-O 8. O-O-O
b5 9. cxd5 b4 10. dxe6 bxc3 11. exf7+ Rxf7 12. Bxc3 Nb6 13. Bd3 Nbd5 14. Ng5 Rb7
15. Bxh7+ Kh8 16. Bg6 Nxc3 17. bxc3 Qa5 18. Nf7+ Rxf7 19. Bxf7 Bf5 20. Rd3 Bxd3
21. Qxd3 Rf8 22. Bb3 Nd5 23. Rf1 Nxc3 24. Kb2 Ba3+ 25. Kc2 Nd5 26. Kd1 Rb8 27.
f4 Nc3+ 28. Ke1 Nxa2+ 29. Kf2 Nc1 30. Rxc1 Bxc1 0-1

[Event "8th Sunway Sitges 2021"]
[Site "Sitges ESP"]
[Date "2021.12.17"]
[Round "5.64"]
[White "Grebeniuk, Semen"]
[Black "Varshini, V"]
[Result "1-0"]
[BlackTitle "WGM"]
[WhiteElo "2346"]
[BlackElo "2165"]
[WhiteFideId "14117509"]
[BlackFideId "5091241"]
[EventDate "2021.12.13"]

1. d4 d5 2. Bf4 Nf6 3. e3 e6 4. Nd2 Bd6 5. Ngf3 Bxf4 6. exf4 O-O 7. Bd3 b6 8.
Qe2 c5 9. c3 Nc6 10. Ne5 Bb7 11. Nxc6 Bxc6 12. Nf3 Qd6 13. g3 c4 14. Bc2 b5 15.
a3 a5 16. O-O b4 17. Qe5 Qe7 18. axb4 axb4 19. f5 Nd7 20. Qc7 Rac8 21. Qf4 b3
22. Bb1 exf5 23. Bxf5 g6 24. Bxd7 Bxd7 25. Ra7 Qd8 26. Ne5 Be6 27. h4 f6 28. Ng4
Bxg4 29. Qxg4 f5 30. Qf4 Rf7 31. Rfa1 Qe8 32. Qg5 Qe6 33. h5 Rxa7 34. Rxa7 Qe1+
35. Kg2 Qe4+ 36. Kh2 Qe2 37. Qf4 Qxh5+ 38. Kg2 Qg4 39. Qh6 Qe4+ 40. Kh2 1-0

[Event "8th Sunway Sitges 2021"]
[Site "Sitges ESP"]
[Date "2021.12.17"]
[Round "5.65"]
[White "Srijit, Paul"]
[Black "Atanasov, Anthony"]
[Result "1-0"]
[WhiteTitle "IM"]
[BlackTitle "FM"]
[WhiteElo "2340"]
[BlackElo "2162"]
[WhiteFideId "5094798"]
[BlackFideId "2623897"]
[EventDate "2021.12.13"]

1. e4 c5 2. Nf3 d6 3. d4 cxd4 4. Nxd4 Nf6 5. Nc3 a6 6. h3 e6 7. g4 Be7 8. Bg2
Nfd7 9. O-O Nc6 10. Be3 Nxd4 11. Bxd4 O-O 12. a4 Qc7 13. f4 b6 14. g5 Bb7 15.
Qh5 Qc4 16. Rad1 e5 17. Be3 Nc5 18. f5 Nxe4 19. Qh4 Nd2 20. Qxc4 Nxc4 21. Bxb7
Nxe3 22. f6 gxf6 23. gxf6 Rae8 24. fxe7 Rxe7 25. Nd5 Rxb7 26. Nxe3 Rd8 27. c4 b5
28. axb5 axb5 29. c5 Rbd7 30. Nd5 Kg7 31. Nf6 Rc7 32. Rxd6 Rxd6 33. cxd6 Rc2 34.
Rd1 1-0

[Event "8th Sunway Sitges 2021"]
[Site "Sitges ESP"]
[Date "2021.12.17"]
[Round "5.66"]
[White "Fanninger, Leon"]
[Black "Domingo Nunez, Alejandro"]
[Result "1/2-1/2"]
[BlackTitle "FM"]
[WhiteElo "2160"]
[BlackElo "2340"]
[WhiteFideId "1649400"]
[BlackFideId "22245561"]
[EventDate "2021.12.13"]

1. Nf3 c5 2. g3 Nc6 3. Bg2 g6 4. O-O Bg7 5. d3 e6 6. e4 Nge7 7. Nbd2 d5 8. Re1
O-O 9. e5 Qc7 10. Qe2 b5 11. h4 Bb7 12. Nf1 Rae8 13. Bf4 d4 14. g4 f5 15. exf6
Qxf4 16. Qxe6+ Rf7 17. Qxf7+ Kxf7 18. Ng5+ Kg8 19. Bd5+ Nxd5 20. Rxe8+ Bf8 21.
Rxf8+ Kxf8 22. Ne6+ Kf7 23. Nxf4 Nxf4 24. g5 Ne2+ 25. Kh2 Ne5 26. Nd2 Ng4+ 27.
Kh3 Nxf2+ 28. Kh2 Ng4+ 29. Kh3 Bc8 30. Kg2 Ne3+ 31. Kf2 Nxc2 32. Rb1 Nf4 33. Ne4
Bf5 34. Nxc5 Nxd3+ 35. Nxd3 Bxd3 36. Rd1 Bf5 37. Rd2 d3 38. Kf3 Ke6 39. Kf4 h6
40. h5 hxg5+ 41. Kxg5 Kf7 42. h6 Kg8 43. Rh2 Nd4 44. h7+ Kh8 45. f7 Ne6+ 46. Kf6
Nf8 47. Ke7 Ne6 48. b3 Bg4 49. Rd2 Kxh7 50. Rxd3 Kg7 51. Rd6 Nf8 52. Rd8 Ne6 53.
f8=Q+ Nxf8 54. Rxf8 g5 55. Rf1 Kg6 56. Kd6 Be2 57. Rf2 Bd3 58. Rd2 Bf1 59. Kc5
g4 60. Rf2 Bh3 61. Kxb5 g3 62. Rf3 g2 63. Rg3+ Kf5 64. Ka6 Kf4 65. Rxg2 Bxg2 66.
Kxa7 Bd5 67. Kb6 Ke5 68. Kc5 Ke6 69. Kb4 Kd6 70. a4 Bxb3 1/2-1/2

[Event "8th Sunway Sitges 2021"]
[Site "Sitges ESP"]
[Date "2021.12.17"]
[Round "5.67"]
[White "Manish Anto, Cristiano F"]
[Black "Chitlange, Sakshi"]
[Result "1/2-1/2"]
[WhiteTitle "IM"]
[BlackTitle "WIM"]
[WhiteElo "2336"]
[BlackElo "2132"]
[WhiteFideId "25095927"]
[BlackFideId "35002899"]
[EventDate "2021.12.13"]

1. e4 c6 2. d4 d5 3. e5 Bf5 4. Nf3 e6 5. Be2 Bg6 6. a4 Nd7 7. c3 c5 8. O-O Ne7
9. Nh4 cxd4 10. cxd4 Nc6 11. Nxg6 hxg6 12. Be3 Be7 13. Nc3 Rc8 14. f4 Na5 15.
Rc1 Nc4 16. Bxc4 Rxc4 17. b3 Rc8 18. Qd3 a6 19. Na2 Rxc1 20. Rxc1 Nb8 21. Bd2
Ba3 22. Rc2 Be7 23. Rc1 Ba3 24. Rc2 Be7 25. Rc1 1/2-1/2